Hunter X Hunter Personnages par Images - Statistiques

Statistiques générales
  • Ce quiz a été pris 233 fois
  • Le résultat moyen est 43 sur 276
Statistiques - réponses
Par images Réponse % Correct
Gon Freecss
100%
Kirua Zoldik / Killua
100%
Hisoka Morow
96%
Kurapika
96%
Leolio Paradinaito / Leorio
96%
Mito Freecss
78%
Irumi Zoldik / Illumi
76%
Isaac Netero
72%
Kuroro Lucifer / Chrollo Lucilfer
67%
Meruem
65%
Feitan Portor
63%
Tompa / Tonpa
62%
Moustique / Ka
60%
Biscuit Kruger (Bisky)
59%
Neferupitô / Neferupitou
59%
Kaito / Kite
55%
Kaito / Kite
55%
Ging Freecss
52%
Silva Zoldik
50%
Uvôguine / Uvogin
50%
Aruka Zoldik / Alluka
45%
Hanzo
45%
Pakunoda
45%
Zeno Zoldik
45%
Nobunaga Hazama
44%
Nanika
43%
Zushi
43%
Montutyupi / Menthuthuyoupi
42%
Neon Nostrad
41%
Shauapufu / Shaiapouf
40%
Gotô / Gotoh
37%
Knuckle Bine
37%
Rin Kôshi / Lin
37%
Sharnalk Ryusei / Shalnark
37%
Morau McCarnathy / Morel
36%
Pâmu Shiberia / Palm
36%
Phinks Magkav
36%
Wing
36%
Franklin Bordeaux
35%
Karuto Zoldik / Kalluto
35%
Machi Komachine
34%
Reine
34%
Shizuku Murasaki
34%
Komugi
32%
Koruto / Colt
32%
Leor / Leol (Hagya)
32%
Kanaria / Canary
31%
Mike
31%
Miruki Zoldik / Milluki
31%
Pariston Hill / Parisuton
30%
Meleoron / Meleolon (Jail)
29%
Nov / Knov
29%
Shoot MacMahon
29%
Razor / Laser
28%
Ponzu
26%
Genthru
25%
Korutopi Tonofumeiru / Kortopi
25%
Senritsu / Melody
25%
Bonorenof Ndongo / Bonolenov
24%
Bean
23%
Chauve-Souris / Kômori
22%
Chouette / Fukurô
22%
Jairo / Gyro
21%
Satotsu / Satotz
21%
Ikarugo / Ikalgo
20%
Chien / Inu
19%
Goreinu
19%
Kastro
19%
Sangsue / Hiru
19%
Dwun (Wdwune)
18%
Pokkuru / Pokkle
18%
Zazan
18%
Cheadle Yorkshire
17%
Elena
17%
Gitarakuru / Gittarackur
17%
Menchi
17%
Tsezugera / Tsezguerra
17%
Werefin / Welfin
17%
Battera
16%
Beans
16%
Kikyô Zoldik
16%
Reina
16%
Bête de l'Ombre
15%
Nicolas / Nicholas
15%
Tsubone
15%
Ver de Terre / Mimizu
15%
Amori
14%
Bête de l'Ombre
14%
Bodoro
14%
Djido / Cheetu
14%
Eta / Eather
14%
Ramotto / Rammot
14%
Right Nostrad / Light
14%
Zepairu / Zepile
14%
Guido / Gido
13%
Porc-épic / Yamarashi
13%
Amane
12%
Barbon / Bourbon
12%
Bête de l'Ombre
12%
Bête de l'Ombre
12%
Bête de l'Ombre
12%
Binolt
12%
Capitaine
12%
Hollow
12%
Imori
12%
Umori
12%
Abe Freecss
11%
Bashô
11%
Buhara
11%
Cocco
11%
Koala
11%
Poulpe / Tako
11%
Raton Renard / Kiriko
11%
Raton Renard / Kiriko
11%
Raton Renard / Kiriko
11%
Raton Renard / Kiriko
11%
Tortue / Kame
11%
Bizev / Bizeff
10%
Ciquento / Seaquant
10%
Crocodile / Wani
10%
Elisa / Eliza
10%
Flutter / Furatta
10%
Kuruto / Kurt
10%
List / Rist
10%
Rhino / Sai
10%
Riluberto / Riehlvelt
10%
Sadaso
10%
Bara
9%
Chien Enragé / Yamainu
9%
Jonès / Johness
9%
Mizaistom Nana / Mizaisutomu
9%
Omokage
9%
Rippo / Lippo
9%
Vezze / Baise
9%
Zebulo / Zebro
9%
Gereta
8%
Majitani
8%
Abengane
7%
Bopobo
7%
Burovûda / Bloster
7%
Sabu / Sub
7%
Assassin
6%
Assassin
6%
Assassin
6%
Assassin
6%
Assassin
6%
Assassin
6%
Cluck / Kurukku
6%
Cochon / Buta
6%
Faux Masadoru Diigo / Ming Jol-ik
6%
Ginta
6%
Grenouille / Kaeru
6%
Kanzai
6%
Leluto / Leroute
6%
Mash / Matthew
6%
Mizuken / Izunavi
6%
Panda / Koguma
6%
Pegui / Peggy
6%
Piyon / Pyon
6%
Sacchô Kobayakawa
6%
Serpent / Hebi
6%
Sukuwara / Squala
6%
Todo
6%
Banana Kavaro
5%
Botobai Gigante
5%
Darzolne / Dalzollene
5%
Examinateur
5%
Examinateur
5%
Geru / Gel
5%
Gorille / Gorira
5%
Hina (Hirin)
5%
Kara / Khara
5%
Katzo
5%
Loupe Highland
5%
Masadoru Diigo / Ming Jol-ik
5%
Podongo Lapoy / Podungo
5%
Poisson / Gyogan
5%
Requin / Same
5%
Rinsen / Linssen
5%
Rodoriotto / Rodriot
5%
Saccimonno Tocinno / Shachmono Tocino
5%
Saiyû
5%
Sedokan
5%
Teradin Neutral / Teradein
5%
Togari
5%
Agon
4%
Bari / Barry
4%
Baro
4%
Bendot
4%
Bushidora Ambitious
4%
Crabe / Kani
4%
Cutie Beauty
4%
Femme du Quiz
4%
Gozu / Goz
4%
Isaku / Isaac
4%
Iwalenkov / Ivlenkov
4%
Kesû / Kess
4%
Kyû
4%
Marcos / Marco
4%
Masuta / Masta
4%
Monta Yuras
4%
Poorhatto / Puhat
4%
Somi / Sommy
4%
Spinna Crô / Spinner Clow
4%
Stick Dinner
4%
Supar / Siper
4%
Zenji
4%
Amana
3%
Asuta / Asta
3%
Baruda / Balda
3%
Bihorn
3%
Cherry
3%
Gashita Bellam / Gashta
3%
Jeitosari / Jeitsari
3%
Jisper / Jispa
3%
Jito / Jeet
3%
Kasuga
3%
Kenmi
3%
Mante / Kamakiri
3%
Mitsuba
3%
Nikkes / Nickes
3%
Paiku / Pike
3%
Rataza / Latarza
3%
Rinne Hors-d'oeuvre / Linne
3%
Ryû
3%
Yasuha
3%
Yunju
3%
Assam
2%
Coco Loo
2%
Hanse
2%
Haruna
2%
Hisaku / Pisac
2%
Hishita
2%
Ickshonpe Katocha / Ickshonpay
2%
Kazusoul / Kazsule
2%
Kobarn
2%
Kuzuko / Cuzco
2%
Manheim
2%
Mille-pattes / Mukade
2%
Montôru / Montreux
2%
Motarike / Motaricke
2%
Nick Kyu / Nick Cue
2%
Pekuba
2%
Redwood
2%
Sanbika Norton / Sanbica
2%
Scarabée / Kokabutomushi
2%
Shidore
2%
Shishitô
2%
Yabibi
2%
Zaikaharu / Zaiqahal
2%
Zenju
2%
Zetsuku Bellam / Zetsk
2%
Baka Ki Eru Dogula / Baka Ki El Dogra
1%
Boki
1%
Coléoptère / Gomimushi
1%
Dôsuter / Doster
1%
Frère Oroso / Ortho
1%
Ihona Kauski / Ivona Kawski
1%
Inzagi
1%
Maenore / Maenole
1%
Michirô
1%
Mikuri / Mikli
1%
Muna / Muuna
1%
Nômudyu / Nomdieu
1%
Peru / Pell
1%
Richard Haketto / Richard Hackett
1%
Sabazushi
1%
Sakisuke Sojiji / Sakisuke Njiji
1%
Shihaeru / Shihael
1%
Sœur Oroso / Ortho
1%
Sûheiru / Souheil
1%
Taragette / Taragetter
1%
Vital / Baital
1%
Won Ho / Wong Ho
1%
Won Ri / Wong Li
1%
Zeho
1%
Aucun quiz correspondant
Distribution des résultats
% des personnes avec chaque résultat
Percentile par nombre de réponses
Votre historique - résultats
Vous n’avez pas pris ce quiz